000 00398nam a22001697a 4500
003 NUST
020 _a978-0170211734
038 _akhadija
082 _a629.287
_bAUT
100 _aBennett, Sean.
_968841
245 _aAutomotive Mechanical Technology
260 _aAustralia:
_bCengage learning,
_c2010.
300 _a412 p. ;
_b26 cm
500 _aPaperback.
563 _aPB
942 _cBK
_2ddc
999 _c32652
_d32652